ბათუმის შოთა რუსთაველის სახელმწიფო უნივერსიტეტის ბიბლიოთეკა

ოჯახი : (ბიბ.ჩანაწერი № 38334)

000 -ლიდერი
ფიქსირებული სიგრძის საკონტროლო ველი 01091nam a2200229Ia 4500
001 - საკონტროლო ნომერი
საკონტროლო ველი 4344
003 - საკონტროლო ნომრის იდენტიფიკატორი
საკონტროლო ველი GE_BSU
005 - ბოლო ოპერაციის თარიღი და დრო
საკონტროლო ველი 20191004173222.0
008 - ფიქსირებული სიგრძის მონაცემთა ელემენტები - ზოგადი ინფორმაცია
ფიქსირებული სიგრძის საკონტროლო ველი 181216s1988||||ge |||||||||||||| ||geo||
040 ## - კატალოგიზაციის წყარო
Transcribing agency GE_BSU
041 ## - ენის კოდი
Language code of text/sound track or separate title geo
080 ## - უნივერსალური ათობითი კლასიფიკაციის ინდექსი
Universal Decimal Classification number 316.356.2(075.3) ა–91
100 ## - მთავარი ჩანაწერი - პიროვნების სახელი
Personal name აფანასიევა, თ.
9 (RLIN) 4546
245 ## - ცნობა სათაურის შესახებ
Title ოჯახი :
Remainder of title დამხმ. სახელმძღვ. საშ. სასწ. მოსწავლეთათვის /
Statement of responsibility, etc მთარგმნ.: თამარ მუსერიძე ; ქართული თარგმ. რედ.: აკ. ბაინდურაშვილი.
264 ## - წარმოების, გამოცემის, დისტრიბუციის და სხვა ცნობები
გამოცემის, წარმოების, დისტრიბუციის... ადგილი თბ. :
გამოცემის, წარმოების, დისტრიბუციის... სახელწოდება განათლება,
გამოცემის, წარმოების, დისტრიბუციის... თარიღი 1988.
300 ## - ფიზიკური აღწერა
Extent 307 გვ. ;
Other physical details 22 სმ.
504 ## - BIBLIOGRAPHY, ETC. NOTE
Bibliography, etc ბიბლიოგრ.: გვ. 306-307.
653 ## - INDEX TERM--UNCONTROLLED
Uncontrolled term ოჯახის სოციოლოგია
700 ## - ADDED ENTRY--PERSONAL NAME
Personal name მუსერიძე, თამარ
Relator term მთარგმნელი
9 (RLIN) 4547
700 ## - ADDED ENTRY--PERSONAL NAME
Personal name ბაინდურაშვილი, აკ.
Relator term რედაქტორი
9 (RLIN) 4548
942 ## - ADDED ENTRY ELEMENTS (KOHA)
Koha item type წიგნი
Source of classification or shelving scheme
ეგზემპლარები
ჩამოწერის სტატუსი დაკარგული ეგზემპლარის სტატუსი კლასიფიკაციის წყარო ან თაროზე გაწყობის სქემა დაზიანების სტატუსი არ გაიცემა მუდმივი მდებარეობა (დაცვის ადგილი) ამჟამინდელი ადგილსამყოფელი თაროზე განთავსების ადგილი შეძენის თარიღი ღირებულება, შესყიდვის ნორმალური ფასი სრული შენახვის შიფრი შტრიხკოდი ბოლო ოპერაციის თარიღი ეგზემპლარის მიმდევრობითი ნომერი (კეტერი?) ფასის ძალაში შესვლის თარიღი ეგზემპლარის სახეობა საჯარო შენიშვნა
          ბათუმის შოთა რუსთაველის სახელმწიფო უნივერსიტეტის მთავარი ბიბლიოთეკა ბათუმის შოთა რუსთაველის სახელმწიფო უნივერსიტეტის მთავარი ბიბლიოთეკა წიგნსაცავი 2018-12-17 2.00 316.356.2(075.3) ა–91 5894 2018-12-17 5894 2018-12-17 წიგნი 2 ლ.